000 004610000a22001810004500
003 MACL
005 20150710160746.0
008 150710b xxu||||| |||| 00| 0 eng d
040 _aMACL
_cMACL
041 _aEnglish
082 _a320/CHA
100 _aChandra, Bipin
_91662
245 _aIdeology and Politics in Modern India
260 _bHar-Anand Publishers
_c1994
_aNew Delhi
350 _a350
650 _aPolitical science
_988
942 _cBK
_k320
_2ddc
999 _c18492
_d18492